000 01097nam a2200253Ia 4500
001 18537
003 GE_BSU
008 181216s||||||||xx |||||||||||||| ||und||
020 _a978-9941-402-02-9
040 _cGE_BSU
080 _a821.131.1-31
100 _aპირანდელო, ლუიჯი.
245 _aგანსვენებული მატია პასკალი
245 _bრომანი
245 _cიტალიურიდან თარგმნა:მერი ტიტვინიძემ;საგამომც.ჯგუფი:ეთერ ბაიდოშვილი,ნელი ელიზბარაშვილი და სხვ.გარეკანის დიზაინი:ილია ხელიასი
260 _aთბილისი
260 _bინტელექტი
260 _c2008
300 _a262გვ;20სმ.
541 _h8ლ.95თ.
653 _aიტალიური მხატვრული ლიტერატურა.
653 _aრომანი
942 _cBK
999 _c51546
_d51546